000 00577nam a2200181Ia 4500
008 151202s9999||||xx |||||||||||||| ||und||
082 _bPNVM-49203
100 _aदेसाई वसंत.
245 _aराग रंग - संगीत.
260 _b"व्हीनस प्रकाशन,पुणे."
260 _c1960
300 _a131
600 _aदेसाई वसंत.
630 _aराग रंग - संगीत.
700 _aदेसाई वसंत.
730 _aराग रंग - संगीत.
942 _cBOOK
999 _c1315100
_d1315097